| 000 | 00477nam a22001817a 4500 | ||
|---|---|---|---|
| 003 | CEME | ||
| 005 | 20210628202118.0 | ||
| 008 | 210225b xxu||||| |||| 00| 0 eng d | ||
| 020 | _a0-415-93724-8 | ||
| 040 | _c. | ||
| 082 | _a503 ENC | ||
| 100 |
_aTrefil, James _958321 |
||
| 245 | _aEncyclopedia of science and technology | ||
| 260 |
_aNEW YORK _bROUTLEDGE _c2001 |
||
| 300 | _a555P | ||
| 650 |
_aSCIENCE-ENCYCLOPEDIAS TECHNOLOGY-ENCYCLOPEDIAS _958322 |
||
| 942 |
_cBK _2ddc |
||
| 999 |
_c568519 _d568519 |
||